00570nam a2200169Ia 4500003000900000008004100009040001600050080001500066245012400081260002800205300001000233650003100243650004100274650003300315650002300348700002900371IN-BaIIA211028s9999 xx 000 0 eng d cIIA Library a03:53bGLA 2aA dictionary of applied physicsbvol. III, meteorology, metrology and measuring apparatuscedited by Richard Glazebrook aLondonbMacmillanc1923 a839p. aApplied Physics Dictionary aAstronomy and Astrophysics Thesaurus aDictionaries-Applied Physics aPhysics Dictionary aGlazebrook, Richard, ed.